[Event "Guernsey Holiday 2011"]
[Site "Guernsey, Channel Islands"]
[Date "2011.10.21"]
[Round "6"]
[White "Harnden, Terry"]
[Black "Hoogakker, Peter"]
[Result "0-1"]
[WhiteElo "1423"]
[BlackElo "1754"]
[PlyCount "82"]
[EventDate "2011.10.16"]
[EventType "swiss"]
[EventRounds "7"]
[SourceDate "2011.11.16"]

1. e4 e5 2. Nf3 d6 3. Bc4 Be7 4. d4 Nd7 5. dxe5 dxe5 6. Qd5 Bb4+ 7. c3 Qe7 8.
cxb4 Nb6 9. Qxf7+ Qxf7 10. Bxf7+ Kxf7 11. Nxe5+ Kf6 12. Bf4 Be6 13. b3 Rd8 14.
Nd2 Ne7 15. Rd1 Rd4 16. a3 Rhd8 17. Nef3 R4d7 18. Be5+ Kg6 19. Nh4+ Kh5 20.
Nhf3 Bxb3 21. Rc1 Bc4 22. Bxg7 Bb5 23. Bf6 Kg6 24. Bxe7 Rxe7 25. Nh4+ Kf7 26.
Nhf3 h6 27. g4 Nd5 28. e5 Nf4 29. Rc3 {(=)} Nd3+ 30. Kf1 Nxe5+ 31. Kg1 Nxg4 32.
Kg2 Bc6 33. Kg3 Nf6 34. Re1 Rxe1 35. Nxe1 Rxd2 36. Nf3 Ne4+ 37. Kh4 Nxc3 38.
Nxd2 Ne4 39. Nf3 Kf6 40. Kh5 Nxf2 41. Nh4 Be4 0-1

[Event "Guernsey Holiday 2011"]
[Site "Guernsey, Channel Islands"]
[Date "2011.10.21"]
[Round "6"]
[White "Borland, Thomas E"]
[Black "Smith, David"]
[Result "1/2-1/2"]
[WhiteElo "1623"]
[BlackElo "1708"]
[PlyCount "34"]
[EventDate "2011.10.16"]
[EventType "swiss"]
[EventRounds "7"]
[SourceDate "2011.11.16"]

1. d4 d5 2. Bf4 Nf6 3. e3 Bf5 4. Nf3 e6 5. c3 c6 6. Nbd2 Nbd7 7. Ne5 Nxe5 8.
dxe5 Ne4 9. Nxe4 Bxe4 10. f3 Bg6 11. Bd3 Bxd3 12. Qxd3 Qb6 13. Rb1 Be7 14. O-O
O-O 15. Bg3 Qb5 16. Rfd1 Rfd8 17. Bf2 Qa5 1/2-1/2

[Event "Guernsey Holiday 2011"]
[Site "Guernsey, Channel Islands"]
[Date "2011.10.21"]
[Round "6"]
[White "Vonhoff, Joerg"]
[Black "Norman, Dinah M"]
[Result "1/2-1/2"]
[WhiteElo "1543"]
[BlackElo "1760"]
[PlyCount "84"]
[EventDate "2011.10.16"]
[EventType "swiss"]
[EventRounds "7"]
[SourceDate "2011.11.16"]

1. e4 c6 2. d4 d5 3. exd5 cxd5 4. Nf3 Nf6 5. h3 Nc6 6. c3 Bf5 7. Bf4 e6 8. Bb5
a6 9. Ba4 b5 10. Bc2 Bxc2 11. Qxc2 Rc8 12. Qd3 Be7 13. O-O O-O 14. a4 Qb6 15.
axb5 axb5 16. b4 Ne4 17. Nfd2 Nxd2 18. Nxd2 Ra8 19. Nb3 h6 20. Nc5 Rfc8 21.
Rfe1 Ra7 22. Rxa7 Nxa7 23. Ra1 Bxc5 24. dxc5 Qb7 25. Ra5 Rc6 26. Qg3 Kh7 27.
Qd3+ Kg8 28. Qe2 Ra6 29. Qa2 Rxa5 30. Qxa5 Nc8 31. Qd8+ Kh7 32. Qc7 Qxc7 33.
Bxc7 Na7 34. f4 Nc6 35. g4 f6 36. h4 Kg6 37. h5+ Kf7 38. Bd6 e5 39. f5 Ke8 40.
Kf2 Kf7 41. Ke3 Ke8 42. Kd3 Kf7 1/2-1/2

[Event "Guernsey Holiday 2011"]
[Site "Guernsey, Channel Islands"]
[Date "2011.10.21"]
[Round "6"]
[White "Finch, Russell"]
[Black "Collins, Alan"]
[Result "1/2-1/2"]
[WhiteElo "1700"]
[BlackElo "1736"]
[PlyCount "32"]
[EventDate "2011.10.16"]
[EventType "swiss"]
[EventRounds "7"]
[SourceDate "2011.11.16"]

1. d4 f5 2. Nc3 Nf6 3. Bg5 d5 4. e3 c6 5. Nf3 Nbd7 6. Be2 e6 7. O-O Be7 8. Bf4
Ne4 9. Nxe4 fxe4 10. Nd2 O-O 11. c4 Nf6 12. h3 Bd6 13. Bxd6 Qxd6 14. f3 exf3
15. Nxf3 Bd7 16. c5 Qg3 1/2-1/2

[Event "Guernsey Holiday 2011"]
[Site "Guernsey, Channel Islands"]
[Date "2011.10.21"]
[Round "6"]
[White "Nalichowski, Bogdan"]
[Black "Beadle, John"]
[Result "0-1"]
[WhiteElo "1626"]
[BlackElo "1720"]
[PlyCount "138"]
[EventDate "2011.10.16"]
[EventType "swiss"]
[EventRounds "7"]
[SourceDate "2011.11.16"]

1. e4 c6 2. d4 d5 3. e5 Bf5 4. Nf3 e6 5. a3 Nd7 6. c3 Rc8 7. b4 Ne7 8. a4 Ng6
9. h3 Be7 10. a5 O-O 11. Nbd2 Nh4 12. Nb3 Nxf3+ 13. Qxf3 Be4 14. Qg4 Bf5 15.
Qf3 Be4 16. Qg4 Bf5 17. Qe2 Bg5 18. Nc5 Nxc5 19. bxc5 Bxc1 20. Rxc1 Qxa5 21.
Qb2 Qc7 22. Be2 f6 23. f4 fxe5 24. fxe5 Be4 25. Bg4 Qf7 26. Rd1 h5 27. Be2 Bxg2
28. Bxh5 Qxh5 29. Qxg2 Qh4+ 30. Ke2 Rf4 31. Rhg1 Re4+ 32. Kd3 Qh6 33. Kc2 Rf8
34. Rd3 Ref4 35. Rd2 Rf3 36. h4 R8f7 37. Qg5 Qxg5 38. Rxg5 R7f5 39. Rg6 Kf7 40.
h5 Rxh5 41. Rdg2 Rf2+ 42. Rxf2+ Kxg6 43. Rf8 Rf5 44. Re8 Kf7 45. Rb8 g5 46.
Rxb7+ Kf8 47. Rc7 g4 48. Rxc6 g3 49. Rc8+ Kf7 50. Rc7+ Kf8 51. Rc8+ Kf7 52.
Rc7+ Kg8 53. Rxa7 g2 54. Ra8+ Rf8 55. Ra1 Rf1 56. Ra8+ Kg7 57. Ra7+ Kg6 58. Ra8
g1=Q 59. Rg8+ Kf7 60. Rxg1 Rxg1 61. c6 Ke7 62. Kd3 Kd8 63. c4 Rd1+ 64. Kc2 Rxd4
65. cxd5 Rxd5 66. Kc3 Kc7 67. Kc4 Kxc6 68. Kc3 Rxe5 69. Kd4 Kd6 {Remaining
moves unreadable - 0-1, 83.} 0-1

[Event "Guernsey Holiday 2011"]
[Site "Guernsey, Channel Islands"]
[Date "2011.10.21"]
[Round "6"]
[White "Onwezen, Eric"]
[Black "Baart, Edwin R"]
[Result "1-0"]
[WhiteElo "1720"]
[BlackElo "1687"]
[PlyCount "73"]
[EventDate "2011.10.16"]
[EventType "swiss"]
[EventRounds "7"]
[SourceDate "2011.11.16"]

1. e4 e5 2. Bc4 Nf6 3. d3 Nc6 4. Nc3 Be7 5. f4 d6 6. Nf3 Bg4 7. h3 Bxf3 8. Qxf3
Na5 9. Bb3 Nxb3 10. axb3 c6 11. O-O exf4 12. Bxf4 O-O 13. Kh1 Qd7 14. Ra5 b5
15. Ra6 Qb7 16. Rfa1 b4 17. Ne2 Nd7 18. Qg3 Nc5 19. R6a5 Rfd8 20. Nd4 Bf6 21.
Nf5 Ne6 22. Bxd6 Nd4 23. Nxd4 Bxd4 24. Be5 Bxe5 25. Qxe5 Qb6 26. Qc5 Qb8 27.
Rxa7 Rxa7 28. Rxa7 Qf4 29. Ra1 Qf6 30. e5 Qe6 31. d4 h6 32. Qxb4 Qf5 33. Qc4
Qe4 34. c3 Rd7 35. b4 Qc2 36. Qxc6 Ra7 37. Rf1 1-0

[Event "Guernsey Holiday 2011"]
[Site "Guernsey, Channel Islands"]
[Date "2011.10.21"]
[Round "6"]
[White "Guttridge, David"]
[Black "Jongerius, Marc"]
[Result "1/2-1/2"]
[WhiteElo "1704"]
[BlackElo "1643"]
[PlyCount "34"]
[EventDate "2011.10.16"]
[EventType "swiss"]
[EventRounds "7"]
[SourceDate "2011.11.16"]

1. d4 d5 2. Nf3 Nf6 3. e3 c5 4. dxc5 Qa5+ 5. Bd2 Qxc5 6. Bd3 Bg4 7. Bc3 Nc6 8.
Nbd2 e5 9. Nb3 Qd6 10. Be2 Ne4 11. Bd2 Be7 12. Nfd4 Bxe2 13. Nxe2 Qg6 14. Ng3
Nxd2 15. Qxd2 Nb4 16. O-O O-O 17. c3 Nd3 1/2-1/2

[Event "Guernsey Holiday 2011"]
[Site "Guernsey, Channel Islands"]
[Date "2011.10.21"]
[Round "6"]
[White "Wood, Peter C"]
[Black "Kershaw, Graham J"]
[Result "1-0"]
[WhiteElo "1728"]
[BlackElo "1760"]
[PlyCount "35"]
[EventDate "2011.10.16"]
[EventType "swiss"]
[EventRounds "7"]
[SourceDate "2011.11.16"]

1. Nf3 c5 2. c4 e6 3. d4 Nc6 4. d5 exd5 5. cxd5 Nce7 6. Nc3 d6 7. g3 Ng6 8. Bg2
Nf6 9. O-O Bg4 10. h3 Bf5 11. Re1 Qd7 12. e4 Bxh3 13. e5 Nh5 14. e6 Bxe6 15.
dxe6 fxe6 16. Ng5 Nf6 17. Nxe6 Ne5 18. Nxc5 1-0

[Event "Guernsey Holiday 2011"]
[Site "Guernsey, Channel Islands"]
[Date "2011.10.21"]
[Round "6"]
[White "Williams, Peter D"]
[Black "Roberts, Malcolm A"]
[Result "0-1"]
[WhiteElo "1704"]
[BlackElo "1760"]
[PlyCount "42"]
[EventDate "2011.10.16"]
[EventType "swiss"]
[EventRounds "7"]
[SourceDate "2011.11.16"]

1. e4 e6 2. d4 d5 3. Nc3 dxe4 4. Nxe4 Nd7 5. Nf3 Ngf6 6. Bd3 Be7 7. O-O O-O 8.
h3 b6 9. Be3 Bb7 10. Ng3 c5 11. c3 Rc8 12. Ne5 Nd5 13. Qh5 N7f6 14. Qe2 Nxe3
15. fxe3 Qc7 16. Nh5 Nxh5 17. Qxh5 g6 18. Qh6 Bd6 19. Rf4 Bxe5 20. Rh4 Bh2+ 21.
Kh1 f5 0-1

[Event "Guernsey Holiday 2011"]
[Site "Guernsey, Channel Islands"]
[Date "2011.10.21"]
[Round "6"]
[White "Naldrett, Geoffrey W"]
[Black "Errington, Paul"]
[Result "1-0"]
[WhiteElo "1584"]
[BlackElo "1752"]
[PlyCount "73"]
[EventDate "2011.10.16"]
[EventType "swiss"]
[EventRounds "7"]
[SourceDate "2011.11.16"]

1. c4 e5 2. Nc3 Nc6 3. g3 g6 4. Bg2 Bg7 5. d3 d6 6. Nf3 h6 7. Be3 Nf6 8. h3 O-O
9. Qd2 Kh7 10. Nh2 Ne7 11. g4 Nfg8 12. h4 c6 13. h5 g5 14. d4 f6 15. O-O-O Be6
16. dxe5 dxe5 17. Qc2+ Kh8 18. Rxd8 Rfxd8 19. Ne4 f5 20. Nc5 Bc8 21. f3 f4 22.
Bf2 b6 23. Ne4 Be6 24. Rd1 Nd5 25. cxd5 cxd5 26. Nc3 d4 27. Kb1 Ne7 28. Ne4
Rac8 29. Qd2 Nd5 30. Nf1 a5 31. e3 Nxe3 32. Nxe3 fxe3 33. Bxe3 dxe3 34. Qxd8+
Rxd8 35. Rxd8+ Kh7 36. Bf1 b5 37. Bxb5 1-0

[Event "Guernsey Holiday 2011"]
[Site "Guernsey, Channel Islands"]
[Date "2011.10.21"]
[Round "6"]
[White "Dokter, Marike"]
[Black "Foster, Paul"]
[Result "1/2-1/2"]
[WhiteElo "1570"]
[BlackElo "1720"]
[PlyCount "77"]
[EventDate "2011.10.16"]
[EventType "swiss"]
[EventRounds "7"]
[SourceDate "2011.11.16"]

1. e4 d5 2. exd5 Qxd5 3. Nc3 Qa5 4. d4 Nf6 5. Nf3 Bf5 6. Bc4 e6 7. O-O Bb4 8.
Bd2 Bg4 9. a3 Bxc3 10. Bxc3 Qh5 11. Be2 Ne4 12. Bb4 Ng5 13. Re1 a5 14. Bd2
Nxf3+ 15. Bxf3 Bxf3 16. Qxf3 Qxf3 17. gxf3 Kd7 18. c4 Nc6 19. Bc3 f6 20. Rad1
Ne7 21. Re4 Nf5 22. d5 e5 23. f4 Nd6 24. Ree1 Nxc4 25. fxe5 Nxe5 26. Bxe5 fxe5
27. Rxe5 Rhe8 28. f4 Rf8 29. Rf1 Ra6 30. Kg2 Rb6 31. Rf2 Rb3 32. f5 Rd3 33.
Rfe2 Rf7 34. d6 Rxd6 35. Rxa5 Re7 36. Rc2 c6 37. Ra7 Kc7 38. Ra4 Rd5 39. Rf4
1/2-1/2

[Event "Guernsey Holiday 2011"]
[Site "Guernsey, Channel Islands"]
[Date "2011.10.21"]
[Round "6"]
[White "Cox, Reginald E"]
[Black "Goman, Colin"]
[Result "1/2-1/2"]
[WhiteElo "1312"]
[BlackElo "1631"]
[PlyCount "140"]
[EventDate "2011.10.16"]
[EventType "swiss"]
[EventRounds "7"]
[SourceDate "2011.11.16"]

1. e4 d6 2. d4 Nf6 3. Nc3 g6 4. Nf3 Bg7 5. Be2 O-O 6. O-O c5 7. dxc5 dxc5 8.
Be3 b6 9. Qxd8 Rxd8 10. Rad1 Rxd1 11. Rxd1 Nc6 12. a3 Bb7 13. Nd2 Rd8 14. f3
Ne8 15. Nf1 Rxd1 16. Bxd1 Bd4 17. Bxd4 Nxd4 18. Nd5 e6 19. c3 exd5 20. cxd4
dxe4 21. dxc5 bxc5 22. fxe4 Bxe4 23. Nd2 Bd5 24. Nb1 Nc7 25. Nc3 Be6 26. Ne4 c4
27. Be2 Nb5 28. Nc5 Nd4 29. Kf2 Bd5 30. g3 Kg7 31. Nd7 Nc2 32. Ne5 c3 33. bxc3
Nxa3 34. c4 Be6 35. c5 Kf6 36. Nc6 Bc4 37. Bxc4 Nxc4 38. Nxa7 Ke6 39. c6 Kd6
40. c7 Kxc7 41. Nb5+ Kd7 42. Nd4 Ne5 43. h3 Ke7 44. Ke3 Kf6 45. Ke4 Nd7 46. Kd5
Nb6+ 47. Ke4 Nc4 48. Nf3 Nd6+ 49. Kf4 h6 50. h4 Nf5 51. g4 Nxh4 52. Nxh4 g5+
53. Kg3 gxh4+ 54. Kxh4 Kg6 55. Kg3 Kg5 56. Kf3 h5 57. gxh5 Kxh5 58. Kf4 Kg6 59.
Kg4 f6 60. Kf4 f5 61. Kf3 Kg5 62. Kg3 f4+ 63. Kf2 Kg4 64. Kg2 f3+ 65. Kf1 Kf4
66. Kf2 Ke4 67. Kf1 Ke3 68. Ke1 Kf4 69. Kf2 Ke4 70. Kf1 Ke3 1/2-1/2

[Event "Guernsey Holiday 2011"]
[Site "Guernsey, Channel Islands"]
[Date "2011.10.21"]
[Round "6"]
[White "Newrick, William"]
[Black "Curry, William"]
[Result "1-0"]
[WhiteElo "1389"]
[BlackElo "1528"]
[PlyCount "97"]
[EventDate "2011.10.16"]
[EventType "swiss"]
[EventRounds "7"]
[SourceDate "2011.11.16"]

1. d4 d5 2. c4 c6 3. e3 Nf6 4. Nc3 Bf5 5. Nf3 e6 6. a3 Bd6 7. cxd5 cxd5 8. Bd3
Bxd3 9. Qxd3 a6 10. O-O Nc6 11. e4 dxe4 12. Nxe4 Nxe4 13. Qxe4 Qc7 14. Qe2 h6
15. Be3 O-O 16. Rac1 Qd8 17. Rfd1 Qe7 18. Ne5 {(=)} Nxe5 19. dxe5 Bxe5 20. Bc5
Qf6 21. Bxf8 Kxf8 22. Rc2 g6 23. Rd7 Rb8 24. Rd3 Bd4 25. Rf3 Qe7 26. Qd2 g5 27.
Qxd4 e5 28. Qc5 Rd8 29. Qxe7+ Kxe7 30. g3 Rd7 31. Rb3 Rd4 32. Rc7+ Ke6 33.
Rbxb7 f6 34. Rb6+ Kf5 35. Rbc6 h5 36. h3 a5 37. Kg2 a4 38. Rc4 Ke4 39. f3+ Kd5
40. R4c5+ Ke6 41. R7c6+ Kf5 42. g4+ hxg4 43. hxg4+ Kf4 44. Rc4 f5 45. gxf5 Kxf5
46. Rxd4 exd4 47. Kg3 Ke5 48. Rc5+ Kd6 49. Rxg5 {Remainder of moves unreadable,
1-0, 76.} 1-0

[Event "Guernsey Holiday 2011"]
[Site "Guernsey, Channel Islands"]
[Date "2011.10.21"]
[Round "6"]
[White "Bateman, Kerry"]
[Black "Kaye, Mike"]
[Result "1-0"]
[WhiteElo "1525"]
[BlackElo "1400"]
[PlyCount "35"]
[EventDate "2011.10.16"]
[EventType "swiss"]
[EventRounds "7"]
[SourceDate "2011.11.16"]

1. e4 c5 2. d4 cxd4 3. c3 g6 4. cxd4 Bg7 5. Nf3 e6 6. Bc4 Ne7 7. Nc3 Nbc6 8. a3
Qc7 9. Nb5 Qb8 10. d5 a6 11. dxe6 axb5 12. exd7+ Bxd7 13. Bxf7+ Kxf7 14. Qxd7
Rd8 15. Ng5+ Kg8 16. Qe6+ Kh8 17. Nf7+ Kg8 18. Nh6+ 1-0

[Event "Guernsey Holiday 2011"]
[Site "Guernsey, Channel Islands"]
[Date "2011.10.21"]
[Round "6"]
[White "Brookes, Jean Paul"]
[Black "Le Maitre, Richard"]
[Result "1-0"]
[WhiteElo "1597"]
[BlackElo "1418"]
[PlyCount "43"]
[EventDate "2011.10.16"]
[EventType "swiss"]
[EventRounds "7"]
[SourceDate "2011.11.16"]

1. e4 c5 2. Nc3 d6 3. f4 Nf6 4. Nf3 Nc6 5. Bb5 Bd7 6. d3 a6 7. Bxc6 Bxc6 8. a4
e6 9. O-O Be7 10. Qe1 O-O 11. Qg3 Re8 12. f5 exf5 13. exf5 b5 14. axb5 axb5 15.
Rxa8 Qxa8 16. Bh6 Bf8 17. Bg5 Be7 18. Re1 Bxf3 19. gxf3 Qa7 20. Bxf6 c4+ 21.
Kg2 Qd7 22. Qxg7# 1-0

[Event "Guernsey Holiday 2011"]
[Site "Guernsey, Channel Islands"]
[Date "2011.10.21"]
[Round "6"]
[White "Bennett, David"]
[Black "Cox, Marian"]
[Result "1-0"]
[WhiteElo "1352"]
[BlackElo "1440"]
[PlyCount "83"]
[EventDate "2011.10.16"]
[EventType "swiss"]
[EventRounds "7"]
[SourceDate "2011.11.16"]

1. Nf3 d6 2. d4 Nf6 3. Bf4 Nbd7 4. e3 c6 5. Nbd2 Qc7 6. Bc4 e5 7. dxe5 dxe5 8.
Bg5 Bd6 9. e4 h6 10. Be3 b5 11. Be2 Bc5 12. Bxc5 Nxc5 13. c4 a6 14. Qc2 Nfd7
15. O-O O-O 16. b4 Ne6 17. c5 Nf4 18. Bd3 Rd8 19. Qb3 Nxd3 20. Qxd3 Nxc5 21.
Qc3 Nd7 22. Rac1 Nb8 23. Rfd1 f6 24. Qb3+ Qf7 25. Qxf7+ Kxf7 26. h3 a5 27. a3
axb4 28. axb4 Ra4 29. Rb1 Na6 30. Rdc1 Nxb4 31. Nb3 Be6 32. Nc5 Na2 33. Rc2 Rb4
34. Ra1 Rc4 35. Raxa2 Rxc5 36. Ra7+ Kg6 37. Rxc5 Rd6 38. Nh4+ Kg5 39. Nf5 Bxf5
40. exf5 Kxf5 41. Rxg7 b4 42. Rb7 1-0

[Event "Guernsey Holiday 2011"]
[Site "Guernsey, Channel Islands"]
[Date "2011.10.21"]
[Round "6"]
[White "Carrick, Peter"]
[Black "Gibzinski, Stanislaw"]
[Result "0-1"]
[WhiteElo "1384"]
[BlackElo "1216"]
[PlyCount "78"]
[EventDate "2011.10.16"]
[EventType "swiss"]
[EventRounds "7"]
[SourceDate "2011.11.16"]

1. d4 e6 2. e4 d5 3. e5 c5 4. Nf3 Nc6 5. c3 Bd7 6. Be2 cxd4 7. cxd4 Nge7 8. Na3
Nf5 9. Nc2 Be7 10. O-O O-O 11. b3 f6 12. Bb2 fxe5 13. Nxe5 Nxe5 14. dxe5 a6 15.
Bd3 Bb5 16. Bxb5 axb5 17. Bc3 Qc7 18. Bb2 b4 19. a4 Ra5 20. Rc1 Qb6 21. Qd2 Bc5
22. Rce1 Raa8 23. Re2 Rad8 24. Kh1 Rd7 25. Ne1 d4 26. Nd3 Be7 27. Kg1 Nh4 28.
f4 Nf5 29. Rc1 Ne3 30. Rce1 Rc8 31. Rc1 Rxc1+ 32. Bxc1 Qc6 33. Qe1 Nc2 34. Qf2
Qc3 35. Rxc2 Qxd3 36. Rb2 Rc7 37. Qd2 Qe4 38. Qd1 d3 39. Bd2 Qd4+ 0-1

[Event "Guernsey Holiday 2011"]
[Site "Guernsey, Channel Islands"]
[Date "2011.10.21"]
[Round "6"]
[White "Van Beek, Ronald"]
[Black "Brown, Jim"]
[Result "1-0"]
[WhiteElo "1374"]
[BlackElo "1272"]
[PlyCount "119"]
[EventDate "2011.10.16"]
[EventType "swiss"]
[EventRounds "7"]
[SourceDate "2011.11.16"]

1. d4 c6 2. Bf4 d6 3. Nf3 e6 4. e3 Be7 5. Be2 Nf6 6. Nbd2 Nbd7 7. h3 h6 8. O-O
O-O 9. Bh2 Nh7 10. c4 Ndf6 11. Qc2 b6 12. a4 a5 13. Rfb1 d5 14. Ne5 Bb7 15.
cxd5 Nxd5 16. Nxc6 Bxc6 17. Qxc6 Rc8 18. Qb5 Bb4 19. Ne4 Nhf6 20. Nxf6+ Qxf6
21. Bf3 Qd8 22. Rc1 Bd2 23. Rxc8 Qxc8 24. Bxd5 exd5 25. Qxb6 Bb4 26. Bd6 Bxd6
27. Qxd6 Rd8 28. Qc5 Qb8 29. Rb1 Qb4 30. Qxb4 axb4 31. b3 Rc8 32. a5 Ra8 33.
Ra1 Kf8 34. g4 Ke7 35. f4 g6 36. Kf2 f6 37. Kf3 Kd6 38. a6 Ra7 39. h4 f5 40.
gxf5 gxf5 41. Ke2 Kd7 42. Ra5 Ke6 43. Rb5 Rxa6 44. Rxb4 Kd6 45. Rb8 Ra2+ 46.
Kf3 Rh2 47. Kg3 Re2 48. Kf3 Rh2 49. Rb6+ Ke7 50. Rxh6 Rh3+ 51. Ke2 Rh2+ 52. Kd3
Rh1 53. Kc3 Re1 54. Kd2 Rb1 55. Rh7+ Ke6 56. Rb7 Rb2+ 57. Kc3 Rh2 58. Rb6+ Ke7
59. Kb4 Rxh4 60. Kc5 1-0

[Event "Guernsey Holiday 2011"]
[Site "Guernsey, Channel Islands"]
[Date "2011.10.21"]
[Round "6"]
[White "Herschmann, Heinz"]
[Black "Kok, Franciscus"]
[Result "0-1"]
[WhiteElo "1440"]
[BlackElo "1583"]
[PlyCount "109"]
[EventDate "2011.10.16"]
[EventType "swiss"]
[EventRounds "7"]
[SourceDate "2011.11.16"]

1. e4 c5 2. Nf3 Nc6 3. d4 cxd4 4. Nxd4 e6 5. Nxc6 bxc6 6. Be3 Bb4+ 7. c3 Ba5 8.
Nd2 Bb6 9. Bxb6 axb6 10. Bc4 Ne7 11. O-O d5 12. exd5 exd5 13. Be2 O-O 14. a3
Ng6 15. Bg4 Qg5 16. Bxc8 Raxc8 17. Nf3 Qf6 18. Qd4 Qxd4 19. Nxd4 c5 20. Nf3 Nf4
21. Rfe1 Nd3 22. Re2 Rfe8 23. Rc2 c4 24. g3 Re7 25. Kf1 f6 26. Rb1 Rce8 27. Nd4
Re1+ 28. Rxe1 Rxe1+ 29. Kg2 Rb1 30. Re2 Nxb2 31. Nc6 Kf8 32. Ne7 Na4 33. Nxd5
Rd1 34. Ne3 Rc1 35. Rc2 Rxc2 36. Nxc2 Nxc3 37. Kf1 Ke7 38. Ke1 Kd6 39. f3 Kc5
40. Kd2 Nd5 41. Ke2 g5 42. Kd2 Kb5 43. Kc1 c3 44. Kb1 Kc4 45. Ka2 b5 46. Ne1 b4
47. axb4 Nxb4+ 48. Ka3 c2 49. Kb2 Nd3+ 50. Nxd3 Kxd3 51. Kc1 f5 52. h4 g4 53.
fxg4 fxg4 54. h5 h6 55. Kb2 0-1

[Event "Guernsey Holiday 2011"]
[Site "Guernsey, Channel Islands"]
[Date "2011.10.22"]
[Round "7"]
[White "Hamann, Marcus"]
[Black "Kearsley, Raymond J"]
[Result "0-1"]
[WhiteElo "1728"]
[BlackElo "1760"]
[PlyCount "29"]
[EventDate "2011.10.16"]
[EventType "swiss"]
[EventRounds "7"]
[SourceDate "2011.11.16"]

1. e4 c5 2. Nf3 e6 3. d4 cxd4 4. Nxd4 Bc5 5. Nb3 Bb6 6. Bf4 Nc6 7. Nc3 Nge7 8.
Nb5 O-O 9. Nd6 f5 10. Bg5 fxe4 11. Nxe4 d5 12. Nec5 Bxc5 13. Nxc5 Qa5+ 14. c3
Qxc5 15. Bd3 0-1

[Event "Guernsey Holiday 2011"]
[Site "Guernsey, Channel Islands"]
[Date "2011.10.22"]
[Round "7"]
[White "Hoogakker, Peter"]
[Black "Haisma, Henk"]
[Result "1-0"]
[WhiteElo "1754"]
[BlackElo "1709"]
[PlyCount "47"]
[EventDate "2011.10.16"]
[EventType "swiss"]
[EventRounds "7"]
[SourceDate "2011.11.16"]

1. e4 c5 2. Nf3 Nc6 3. c3 d5 4. exd5 Qxd5 5. d4 cxd4 6. cxd4 e6 7. Nc3 Bb4 8.
Be2 Nf6 9. O-O Qd8 10. Bg5 Be7 11. Rc1 O-O 12. Bd3 h6 13. Be3 Nd5 14. Nxd5 exd5
{(=)} 15. Bb1 Be6 16. Ne5 Nxe5 17. dxe5 Bg5 18. f4 Be7 19. f5 Bd7 20. f6 gxf6
21. exf6 Bxf6 22. Qd3 Re8 23. Qh7+ Kf8 24. Bc5+ 1-0

[Event "Guernsey Holiday 2011"]
[Site "Guernsey, Channel Islands"]
[Date "2011.10.22"]
[Round "7"]
[White "Beadle, John"]
[Black "Ruigrok, Jacques"]
[Result "1/2-1/2"]
[WhiteElo "1720"]
[BlackElo "1760"]
[PlyCount "23"]
[EventDate "2011.10.16"]
[EventType "swiss"]
[EventRounds "7"]
[SourceDate "2011.11.16"]

1. e4 e5 2. Nf3 Nc6 3. Bc4 Nf6 4. d3 Be7 5. O-O d6 6. h3 O-O 7. Be3 d5 8. exd5
Nxd5 9. Nbd2 Kh8 10. Bb5 Nxe3 11. fxe3 f6 12. Qe1 1/2-1/2

[Event "Guernsey Holiday 2011"]
[Site "Guernsey, Channel Islands"]
[Date "2011.10.22"]
[Round "7"]
[White "Smith, David"]
[Black "Onwezen, Eric"]
[Result "1-0"]
[WhiteElo "1708"]
[BlackElo "1720"]
[PlyCount "33"]
[EventDate "2011.10.16"]
[EventType "swiss"]
[EventRounds "7"]
[SourceDate "2011.11.16"]

1. d4 d5 2. Nf3 f5 3. Bf4 e6 4. c3 c6 5. Nbd2 Nf6 6. h3 Bd6 7. Bxd6 Qxd6 8. e3
Nbd7 9. Be2 O-O 10. Qc2 Ne4 11. Rf1 a5 12. O-O-O a4 13. a3 b6 14. g4 f4 15.
Nxe4 dxe4 16. Qxe4 Bb7 17. Ng5 1-0

[Event "Guernsey Holiday 2011"]
[Site "Guernsey, Channel Islands"]
[Date "2011.10.22"]
[Round "7"]
[White "Brooker, Chris H"]
[Black "Borland, Thomas E"]
[Result "1/2-1/2"]
[WhiteElo "1712"]
[BlackElo "1623"]
[PlyCount "104"]
[EventDate "2011.10.16"]
[EventType "swiss"]
[EventRounds "7"]
[SourceDate "2011.11.16"]

1. f4 Nf6 2. Nf3 d5 3. e3 g6 4. Be2 Bg7 5. d3 O-O 6. O-O c5 7. Ne5 Nc6 8. Nxc6
bxc6 9. Nd2 Nd7 10. Nf3 e5 11. e4 exf4 12. c3 Ne5 13. Bxf4 Qe7 14. Qe1 dxe4 15.
dxe4 Bg4 16. Qg3 Bxf3 17. gxf3 Rad8 18. Rad1 Qe6 19. a3 c4 20. Bxe5 Bxe5 21. f4
Bc7 22. Bf3 Rd3 23. Rxd3 cxd3 24. Rd1 Rd8 25. e5 f6 26. Bg4 f5 27. Bh3 Bb6+ 28.
Kh1 Qd5+ 29. Bg2 Qc4 30. Rd2 Qc5 31. Bf1 Qd5+ 32. Bg2 Qc5 33. Rd1 Qe3 34. Qxe3
Bxe3 35. Bxc6 Bxf4 36. e6 Kf8 37. Bd7 d2 38. b4 Rb8 39. c4 Rb7 40. c5 Rc7 41.
a4 Ke7 42. c6 Be3 43. b5 g5 44. a5 h5 45. h3 f4 46. Kg2 Kf6 47. Kf3 Ke7 48.
Rxd2 Bxd2 49. b6 axb6 50. axb6 Ba5 51. b7 Rxb7 52. cxb7 Bc7 1/2-1/2

[Event "Guernsey Holiday 2011"]
[Site "Guernsey, Channel Islands"]
[Date "2011.10.22"]
[Round "7"]
[White "Roberts, Malcolm A"]
[Black "Vonhoff, Joerg"]
[Result "1-0"]
[WhiteElo "1760"]
[BlackElo "1543"]
[PlyCount "53"]
[EventDate "2011.10.16"]
[EventType "swiss"]
[EventRounds "7"]
[SourceDate "2011.11.16"]

1. e4 c5 2. Nf3 d6 3. Bc4 e6 4. Nc3 Nf6 5. d3 a6 6. a3 Be7 7. Bd2 Qc7 8. O-O
Nc6 9. h3 h6 10. Ne2 d5 11. exd5 exd5 12. Ba2 Be6 13. Nf4 O-O 14. Nxe6 fxe6 15.
Re1 Qd6 16. Qe2 e5 17. Nxe5 Nxe5 18. Qxe5 Qxe5 19. Rxe5 Rae8 20. Rae1 Kf7 21.
Bxd5+ Nxd5 22. Rxd5 Rc8 23. Rd7 Rfe8 24. Rxb7 Kf8 25. Bc3 Bf6 26. Rxe8+ Rxe8
27. Kf1 1-0

[Event "Guernsey Holiday 2011"]
[Site "Guernsey, Channel Islands"]
[Date "2011.10.22"]
[Round "7"]
[White "Norman, Dinah M"]
[Black "Guttridge, David"]
[Result "1/2-1/2"]
[WhiteElo "1760"]
[BlackElo "1704"]
[PlyCount "23"]
[EventDate "2011.10.16"]
[EventType "swiss"]
[EventRounds "7"]
[SourceDate "2011.11.16"]

1. d4 e6 2. e4 d5 3. exd5 exd5 4. Bd3 Bd6 5. c3 Nc6 6. Nf3 Nge7 7. Qc2 Bg4 8.
Nbd2 Qd7 9. O-O Bf5 10. Re1 Bxd3 11. Qxd3 O-O-O 12. Nf1 1/2-1/2

[Event "Guernsey Holiday 2011"]
[Site "Guernsey, Channel Islands"]
[Date "2011.10.22"]
[Round "7"]
[White "Collins, Alan"]
[Black "Naldrett, Geoffrey W"]
[Result "1/2-1/2"]
[WhiteElo "1736"]
[BlackElo "1584"]
[PlyCount "35"]
[EventDate "2011.10.16"]
[EventType "swiss"]
[EventRounds "7"]
[SourceDate "2011.11.16"]

1. d4 Nf6 2. Nf3 g6 3. Bf4 d6 4. e3 Bg7 5. Be2 O-O 6. c3 b6 7. Nbd2 Bb7 8. Qc2
Nbd7 9. h3 Re8 10. O-O e5 11. dxe5 Nxe5 12. Nxe5 dxe5 13. Bg5 c5 14. Rad1 Qc7
15. Bxf6 Bxf6 16. Ne4 Be7 17. c4 Bxe4 18. Qxe4 1/2-1/2